|
|
|
|
| LEADER |
01944nam a22003493i 4500 |
| 001 |
EBC6892165 |
| 003 |
MiAaPQ |
| 005 |
20240729202203.0 |
| 006 |
m o d | |
| 007 |
cr cnu|||||||| |
| 008 |
240729s2022 xx o ||||0 eng d |
| 020 |
|
|
|a 9789179291860
|q (electronic bk.)
|
| 035 |
|
|
|a (MiAaPQ)EBC6892165
|
| 035 |
|
|
|a (Au-PeEL)EBL6892165
|
| 035 |
|
|
|a (OCoLC)1299386110
|
| 040 |
|
|
|a MiAaPQ
|b eng
|e rda
|e pn
|c MiAaPQ
|d MiAaPQ
|
| 100 |
1 |
|
|a Biliunaite, Ieva.
|
| 245 |
1 |
0 |
|a Care for the Caregiver :
|b Internet intervention for informal caregivers in Lithuania.
|
| 250 |
|
|
|a 1st ed.
|
| 264 |
|
1 |
|a Linköping :
|b Linköping University Electronic Press,
|c 2022.
|
| 264 |
|
4 |
|c {copy}2022.
|
| 300 |
|
|
|a 1 online resource (95 pages)
|
| 336 |
|
|
|a text
|b txt
|2 rdacontent
|
| 337 |
|
|
|a computer
|b c
|2 rdamedia
|
| 338 |
|
|
|a online resource
|b cr
|2 rdacarrier
|
| 505 |
0 |
|
|a Intro -- Abstract -- Empirical studies -- Abbreviations -- Contents -- Foreword -- 1. Introduction -- 2. Understanding informal caregiving outcomes -- 3. Informal caregiver support interventions -- 4. Lithuanian cultural context -- 5. Internet interventions in Lithuania -- 6. Aims of the thesis -- 7. Study I -- 8. Study II -- 9. Study III -- 10. Study IV -- 11. General discussion -- 12. Conclusions -- 13. Acknowledgements -- 14. Trumpa santrauka lietuviškai -- 15. References -- Studies.
|
| 588 |
|
|
|a Description based on publisher supplied metadata and other sources.
|
| 590 |
|
|
|a Electronic reproduction. Ann Arbor, Michigan : ProQuest Ebook Central, 2024. Available via World Wide Web. Access may be limited to ProQuest Ebook Central affiliated libraries.
|
| 655 |
|
4 |
|a Electronic books.
|
| 776 |
0 |
8 |
|i Print version:
|a Biliunaite, Ieva
|t Care for the Caregiver
|d Linköping : Linköping University Electronic Press,c2022
|
| 797 |
2 |
|
|a ProQuest (Firm)
|
| 856 |
4 |
0 |
|u https://ebookcentral.proquest.com/lib/matrademy/detail.action?docID=6892165
|z Click to View
|